000 00837nam a22002297a 4500
005 20081021101318.0
008 081021t xxu||||| |||| 00| 0 eng d
010 _aENG-84195
020 _a0195676319
020 _c395.00 (hb)
035 _aEN-67728
082 _a881.092
100 _aKing, Bruce
245 _aThree Indian poets:
_bEzekiet, Moraes and Ramanujan /
_cby Bruce King
250 _a2nd ed
260 _aNew Delhi
_bOxford University Press
_eYMCA Library Building, Jai Singh Road, New Delhi-110001
260 _c2005
300 _axi,218p
_c22cm
500 _aIncludes bibliographical references and index
942 _2ddc
_cEN
_h881.092
_mKIN
999 _c17157
_d17157